| 000 | 005970000a22001810004500 | ||
|---|---|---|---|
| 003 | MACL | ||
| 005 | 20160416122951.0 | ||
| 008 | 160416b xxu||||| |||| 00| 0 eng d | ||
| 040 |
_aMACL _cMACL |
||
| 041 | _aHindi | ||
| 082 | _a800 AGR | ||
| 100 |
_aअग्रवाल साधना _952420 |
||
| 245 | _aबेतरतीब तिथियों में कहीं मैं फिर मिलूॅ | ||
| 260 |
_bबालवाणी प्रकाशन _c2009 _aनई दिल्ली |
||
| 350 | _a95 | ||
| 650 |
_aLiterature _952421 |
||
| 942 |
_cHIN _k800/AGR/L _2ddc |
||
| 999 |
_c41759 _d41759 |
||